Alejandro E., Bunge: economista y sociólogo, 1880-1943

Shranjeno v:
Bibliografske podrobnosti
Glavni avtor: Imaz, José Luis de
Format: Texto
Izdano: San José :
Teme:
Oznake: Označite
Brez oznak, prvi označite!

MARC

LEADER 00000 a a2200000 04500
001 17696
003
040
090 |a 000700  
100 |a Imaz, José Luis de  
245 |a Alejandro E., Bunge: economista y sociólogo, 1880-1943  
260 |a San José :  
300 |a 21 p  
650 |a BIOGRAFIAS  
999 |c 11381  |d 11381